000 00671nam a2200241 i 4500
001 C2-0324521
003 PPAK
005 20180728122851.0
008 131212s my a|||| ||||| | may d
020 _a9832192897
040 _aPPAK
_beng
_cPPAK
_erda
082 0 4 _a912
_223
090 0 0 _a912
_bSRI
_dR
100 0 _aSri Nusa Ahmad,
_eauthor
245 1 0 _aAtlas geografi dunia
264 1 _aJohor Bahru, Johor :
_bWorld Express Mapping ,
300 _a128 pages :
_bcolour illustrations ;
_c26 cm
336 _2rdacontent
_atext
337 _2rdamedia
_aunmediated
338 _2rdacarrier
_avolume
650 1 0 _aAtlases. ; Geography atlases.
942 _ddc
_cB
999 _c124480
_d124480